000 00472nam a22001817a 4500
005 20231215121147.0
008 231215b |||||||| |||| 00| 0 eng d
020 _a0-273-65552-3
082 _a657
_bWOO-B
100 _aWood; Frank
245 _aBusiness Accounting -1:
_cWood, Frank; Sangster, Alan
260 _aLondon
_bPrentice Hall,
_c2002
300 _a683
500 _aIndex Given.
650 _aBusiness Accounting
700 _aSangster, Alanb
999 _c34933
_d34933